00880nas a2200241Ia 4500001001200000003001000012008004100022040002500063041001300088100002800101210001500129222001500144240010600159245010600265250001100371260000900382501012300391300001600514362001200530500006200542650002300604700001100627db17-50078 IT-MiCISF161014c99999999xx |||||||||||| ||und|| aIT-MiCISFcIT-MiCISF aSPAGNOLO aGarcia Peregrin Eduardo aProyeccion aProyeccion aA proposito de la creacion de vida artificial: jugar a ser Dios? O colaborar con Dios en la creacion? 2aA proposito de la creacion de vida artificial: jugar a ser Dios? O colaborar con Dios en la creacion? a1a ed. c2011 bCISF - Centro Internazionale Studi Famiglia - Via Giotto, 36 20145 MILANO (non commercial uses only)cCopyright 2016 app. 195-222 a [2011] a Tema: bioetica, vita, procreazione-artificiale, teologia aBIOETICAvarticolo aAA.VV.